Top 100 Greatest Actors of All-Time - Statistics

General Stats
  • This quiz has been taken 9,205 times
  • The average score is 51 of 100
Answer Stats
Rank Actor % Correct
4 Al Pacino
84%
3 Robert De Niro
84%
78 Brad Pitt
83%
27 Leonardo DiCaprio
83%
7 Tom Hanks
82%
2 Marlon Brando
80%
82 Tom Cruise
78%
1 Jack Nicholson
77%
10 Denzel Washington
75%
18 Morgan Freeman
75%
85 Samuel L. Jackson
73%
83 Will Smith
71%
84 Matt Damon
70%
75 Harrison Ford
69%
5 Daniel Day-Lewis
68%
21 Clint Eastwood
67%
6 Dustin Hoffman
65%
26 Johnny Depp
65%
8 Anthony Hopkins
64%
81 George Clooney
64%
23 Robin Williams
64%
15 James Stewart
63%
25 Philip Seymour Hoffman
63%
68 Christian Bale
61%
33 Humphrey Bogart
60%
49 John Wayne
60%
74 Michael Douglas
60%
54 Sean Connery
60%
46 Cary Grant
59%
41 Charlie Chaplin
59%
45 Kirk Douglas
59%
9 Paul Newman
59%
79 Robert Downey Jr.
59%
34 Clark Gable
57%
28 Tommy Lee Jones
57%
89 Robert Redford
56%
29 Russell Crowe
56%
17 Michael Caine
55%
87 Ed Harris
54%
36 Gary Cooper
54%
12 Laurence Olivier
54%
57 Heath Ledger
53%
43 Henry Fonda
53%
38 James Dean
53%
61 Jamie Foxx
53%
86 Liam Neeson
53%
16 Sean Penn
53%
22 Gregory Peck
52%
66 Gary Oldman
50%
20 Gene Hackman
50%
62 Joaquin Phoenix
50%
30 Kevin Spacey
50%
51 Sidney Poitier
50%
95 Mel Gibson
49%
65 Hugh Jackman
48%
14 Jeff Bridges
48%
56 Joe Pesci
48%
67 Edward Norton
46%
70 Ian McKellen
46%
52 Peter O'Toole
46%
19 Robert Duvall
46%
63 Colin Firth
45%
13 Jack Lemmon
45%
11 Spencer Tracy
45%
92 Charlton Heston
44%
31 Alec Guinness
43%
24 Ben Kingsley
43%
98 Kevin Costner
42%
96 Martin Sheen
42%
47 Richard Burton
42%
91 Steve McQueen
42%
93 Bill Murray
41%
44 Burt Lancaster
41%
64 Matthew McConaughey
41%
60 Ralph Fiennes
41%
55 Christopher Walken
40%
99 Gene Kelly
39%
94 Jim Carrey
39%
90 Orson Welles
39%
42 James Cagney
38%
58 Javier Bardem
38%
72 Jon Voight
38%
35 George C. Scott
37%
59 Christoph Waltz
36%
80 Forest Whitaker
36%
88 Tim Robbins
36%
32 Geoffrey Rush
35%
77 Jeremy Irons
35%
39 Peter Sellers
34%
100 Robert Mitchum
34%
48 William Holden
33%
50 Christopher Plummer
32%
97 Don Cheadle
30%
53 Alan Arkin
29%
73 Benicio Del Toro
29%
40 Peter Finch
29%
71 F. Murray Abraham
28%
69 John Malkovich
27%
76 Kevin Kline
24%
37 Jason Robards
23%
No matching quizzes found
Score Distribution
Percent of People with Each Score
Percentile by Number Answered
Your Score History
You have not taken this quiz